UK A - Z by Images - Statistics

General Stats
  • This quiz has been taken 35 times
  • The average score is 13 of 25
Answer Stats
Picture Answer % Correct
Fish and chips
97%
Buckingham Palace
93%
Anne Boleyn
90%
Stonehenge
90%
Dover
83%
Union Jack
77%
Hadrians Wall
73%
Oxford
67%
Zayn Malik
63%
Charles Darwin
60%
Quid
60%
Maggie Smith
57%
Westminster Abbey
57%
Edinburgh Castle
50%
Toad in the hole
50%
Isle of Wight
40%
Greenwich
33%
Nottingham
33%
Kent
27%
Victoria sponge cake
27%
James Anderson
13%
Peak District National Park
13%
Lancaster Castle
3%
Royal Botanic Gardens
0%
Yarmouth Castle
0%
No matching quizzes found
Score Distribution
Percent of People with Each Score
Percentile by Number Answered
Your Score History
You have not taken this quiz